Catálogo público

La modernización de la agricultura mexicana 1940 - 1970 / (Record no. 169214)

MARC details
000 -CABECERA
campo de control de longitud fija 03884nam a2200409 a 4500
001 - NÚMERO DE CONTROL
campo de control Z_6002
003 - IDENTIFICADOR DEL NÚMERO DE CONTROL
campo de control CHAP
005 - FECHA Y HORA DE LA ÚLTIMA TRANSACCIÓN
campo de control 20240610142438.0
007 - CAMPO FIJO DE DESCRIPCIÓN FÍSICA--INFORMACIÓN GENERAL
campo de control de longitud fija ta
008 - DATOS DE LONGITUD FIJA--INFORMACIÓN GENERAL
campo de control de longitud fija 220113s1988 mx a gr 001 0 spa d
010 ## - NÚMERO DE CONTROL DE LA BIBLIOTECA DEL CONGRESO
Número de control de LC 169214
020 ## - NÚMERO INTERNACIONAL ESTÁNDAR DEL LIBRO
Número Internacional Estándar del Libro 968-23-0058-4
040 ## - FUENTE DE LA CATALOGACIÓN
Centro catalogador/agencia de origen Z
Centro/agencia transcriptor CHAP
041 1# - CÓDIGO DE LENGUA
Código de lengua del sumario o resumen Español
Código de lengua de la tabla de contenido Español
082 00 - NÚMERO DE LA CLASIFICACIÓN DECIMAL DEWEY
Número de clasificación 338.1697217
Número de documento/Ítem H49 1988
Número de edición 20
100 1# - ENTRADA PRINCIPAL--NOMBRE DE PERSONA
Nombre de persona Hewitt de Alcántara, Cynthia
9 (RLIN) 55095
Término indicativo de función/relación autor
245 13 - MENCIÓN DE TÍTULO
Título La modernización de la agricultura mexicana 1940 - 1970 /
Mención de responsabilidad, etc. Cynthia Hewitt de Alcántara; traductor Félix Blanco
250 ## - MENCIÓN DE EDICIÓN
Mención de edición 6 edición
264 #1 - PRODUCCIÓN, PUBLICACIÓN, DISTRIBUCIÓN, FABRICACIÓN Y COPYRIGHT
Producción, publicación, distribución, fabricación y copyright México :
Nombre del de productor, editor, distribuidor, fabricante Siglo XXI Editores,
Fecha de producción, publicación, distribución, fabricación o copyright 1988
300 ## - DESCRIPCIÓN FÍSICA
Extensión 319 páginas :
Otras características físicas tablas
490 1# - MENCIÓN DE SERIE
Mención de serie Economía y demografía (Siglo XXI Editores)
500 ## - NOTA GENERAL
Nota general ej.1: C/E
504 ## - NOTA DE BIBLIOGRAFÍA, ETC.
Nota de bibliografía, etc. Bibliografía: páginas 305 - 319
505 0# - NOTA DE CONTENIDO CON FORMATO
Nota de contenido con formato Prefacio -- Advertencia -- Primera parte: La estrategia mexicana de modernización agrícola -- 1. La implicaciones sociales de la investigación agrícola en México -- 2. El marco institucional par el crecimiento agrícola -- 3. Modernización agrícola y desarrollo -- Segunda parte: Estudio del caso Sonora -- Introducción -- 4. La agricultura capitalistas moderna en Hermosillo y el valle del Yaqui -- 5. La tecnología y los ejidos -- 6. Pomta: La modernización de la agricultura en una comunidad yaqui -- 7. Urbanización y desarrollo regional -- Tercera parte: Resumen y conclusiones -- Bibliografía
520 ## - SUMARIO, ETC.
Sumario, etc. El cuadro que se desprende de esta mirada retrospectiva a la modernización del agro en México después de la guerra es de desperdicio: desperdicio de los recursos naturales, en especial de las reservas hídricas del subsuelo, por agricultores imbuidos de una "mentalidad minera"; desperdicio de insumos agrícolas manufacturados (y de las divisas extranjeras necesarias para adquirir muchos de sus componentes) en el proceso de modernizar la agricultura en los distritos de riego, sin el tipo de planeación requerida para utilizar con eficiencia esos insumos; desperdicio de las utilidades generadas por el rápido cambio tecnológico, que fueron a parar a consumo ostentoso e inversiones especulativas en lugar de aplicarse a la creación de nuevas fuentes de empresas productivas; y, por encima de todo, desperdicio de la experiencia acumulada por los trabajadores sin tierra cuya presencia en los campos mecanizados era menos importante cada año que pasaba, por los ejidatarios y colonos cuyo control sobre su propia tierra se les escapó de las manos en el curso de la tecnificación agrícola, y por la mayoría de los agricultores de temporal del campo, que fueron abandonados durante tres décadas para que sobrevivieran como pudieran. Esta estrategia sirvió sin duda, a plazo breve, para la finalidad inmediata que se proponía: la producción y productividad de granos y fibras aumentaba gracias a "la revolución verde" lo suficiente para alimentar, por un tiempo, a la creciente población urbana de una nación en proceso de industrialización; y grandes cantidades de productos agrícolas se pusieron de este modo directamente a disposición de la industria, así como de la exportación. Sin embargo, dado el tipo de crecimiento industrial con el que estaba asociada, la modernización agrícola del México de la posguerra resultó extraordinariamente costosa.<br/>
534 ## - NOTA SOBRE LA VERSIÓN ORIGINAL
Frase introductoria Título original:
Mención de título del original Modernizing mexican agriculture: socieconomic implications of technological change 1940-1970
650 13 - PUNTO DE ACCESO ADICIONAL DE MATERIA--TÉRMINO DE MATERIA
9 (RLIN) 148371
Término de materia o nombre geográfico como elemento de entrada Industria agrícola
Subdivisión cronológica México
Subdivisión general
650 10 - PUNTO DE ACCESO ADICIONAL DE MATERIA--TÉRMINO DE MATERIA
Término de materia o nombre geográfico como elemento de entrada Modernización agrícola y desarrollo
9 (RLIN) 143664
Subdivisión geográfica Sonora
650 10 - PUNTO DE ACCESO ADICIONAL DE MATERIA--TÉRMINO DE MATERIA
Término de materia o nombre geográfico como elemento de entrada Crecimiento agrícola
9 (RLIN) 143663
650 ## - PUNTO DE ACCESO ADICIONAL DE MATERIA--TÉRMINO DE MATERIA
Término de materia o nombre geográfico como elemento de entrada Investigación agrícola
9 (RLIN) 142915
700 ## - PUNTO DE ACCESO ADICIONAL--NOMBRE DE PERSONA
Nombre de persona Blanco, Félix
9 (RLIN) 153968
Término indicativo de función/relación Traductor
830 #4 - PUNTO DE ACCESO ADICIONAL DE SERIE-TÍTULO UNIFORME
Título uniforme Economía y demografía (Siglo XXI Editores)
9 (RLIN) 35280
942 ## - ELEMENTOS DE PUNTO DE ACCESO ADICIONAL (KOHA)
Tipo de ítem Koha Libro
Fuente del sistema de clasificación o colocación Dewey Decimal Classification
901 ## - ELEMENTOS DE DATOS A LOCAL LDA (RLIN)
a 338.10972 H49
902 ## - ELEMENTOS DE DATOS B LOCAL, LDB (RLIN)
a A
910 ## - DATOS DE OPCIÓN DEL USUARIO (OCLC)
Datos de opción del usuario 1988
Holdings
Estado de retiro Estado de pérdida Fuente del sistema de clasificación o colocación Estado dañado Restricciones de uso No para préstamo Código de colección Localización permanente Ubicación/localización actual Fecha de adquisición Fuente de adquisición Número de inventario Total de préstamos Signatura topográfica completa Código de barras Fecha visto por última vez Fecha del último préstamo Número de copia Precio válido a partir de Tipo de ítem Koha
    Dewey Decimal Classification   Préstamo interno   General Zootecnia Zootecnia 11/10/2011 Compra C/E 1 338.1697217 H49 1988 5102001104 24/04/2023 24/04/2023 Ej.1 18/01/2022 Libro